01748nam a22002177a 4500999001500000003000400015005001700019008004100036020001800077040000800095100003500103245016100138260002300299300001100322440003700333520088000370650005101250651008001301856013401381942001501515 c4684d4684OSt20250528164845.0250528b ||||| |||| 00| 0 eng d a9972-51-091-3 cENA aAnna, Timothy E.,d1944-95980 aLa caída del gobierno español en el Perú :bel dilema de la Independencia / cTimothy E. Anna, traducción de Gabriela Ramosh[Recurso electrónico] aLima :bIEP,c2003 a322 p. aEstudios Históricos,n3595981 a¿Por qué la Independencia del Perú comenzó tan tarde en el contexto latinoamericano, y por qué costó tanto conseguirse, hasta el punto que tuvieran que venir los ejércitos de San Martín y de Bolívar y hasta marinos ingleses? Esta es una pregunta que sistemáticamente ha acechado a la historiografía peruana, y para la que Timothy E. Anna, tiene en este libro una perspectiva novedosa: la que estudia la aparición de la nueva nación, desde la óptica de los últimos virreyes españoles que de forma desesperada, pero a veces también exitosa, intentaron resistir el embate emancipador concentrado en el último período en el viejo virreinato de Lima. De este modo, el historiador canadiense logra superar la dicotomía entre la independencia “concedida” o “conseguida”, que caracterizó a la historiografía peruana sobre el tema.  aEconomía xHistoriay1808-1810zPerú96014 aPerúxHistoria -- -Aspectos políticos.yEmancipación, 1808-182496015 uhttps://archive.org/details/anna-timothy-e.-la-caida-del-gobierno-espanol-en-el-peru.-el-dilema-de-la-independencia-2003/mode/2up 2ddccRELEC